Представление документа в формате RUSMARC

Поле Инд. ПП Название Значение
Тип записи a
Библиографический уровень a
001 Контрольный номер 94d4d824210e476c994046bc9134b79d
005 Дата корректировки 20181120134553.7
100 a Данные общей обработки 20180822 ||| 0rusy0189 ca
101 0_ a Язык текста rus
102 a Страна публикации RU
200 1_ f Первые сведения об ответственности Е.Г. Шадрина
a Заглавие К вопросу о необходимости расширения допустимых пределов судебного контроля (на примере избрания меры пресечения в виде заключения под стражу)
210 d Дата издания 2018
461 _0 1 2000
a Российский судья
463 _0 1 2000
a №5
v С. 39-43
1 2101
d 2018
1 001ae39429307fe415fa628ec85d5d43bf6
606 a Основная рубрика Уголовно-процессуальное право
610 0_ a Ключевые слова ДОСУДЕБНОЕ ПРОИЗВОДСТВО
a Ключевые слова МЕРЫ ПРЕСЕЧЕНИЯ
a Ключевые слова ЗАКЛЮЧЕНИЕ ПОД СТРАЖУ
a Ключевые слова КОНТРОЛЬ СУДЕБНЫЙ
700 _1 a Фамилия Шадрина
b Имя Е.Г.
801 _0 a Страна RU
b Организация РГУП
c Дата составления 20180822
g Правила каталогизации PSBO
801 _1 a Страна RU
b Организация РГУП
c Дата составления 20180822
g Правила каталогизации PSBO
901 t Тип документа b
w Контрольный № источника ae39429307fe415fa628ec85d5d43bf6
905 a Дата ввода 20180822